Sanat - Volga - Frederik - Statistics

General Stats
  • This quiz has been taken 19 times
  • The average score is 149 of 241
Answer Stats
Answer % Correct
Volga
100%
Volga,
100%
kuolema,
94%
kuolema
94%
rakkaus
94%
Rakkaus
94%
tai
88%
He
76%
he!
76%
ja
76%
Ja
76%
ahahahahahah
71%
hahahahahaha
71%
pelko
71%
ei
65%
se
65%
vain
65%
vainoa
65%
hei!
59%
Ivan
59%
pelkoa
59%
Pelkoa
59%
sen
59%
Sen
59%
vangita
59%
voi
59%
jo
53%
Katjusha
53%
ohhohhohhohho
53%
eivät
47%
hyökkääjää
47%
kääntyy
47%
Kaspia,
47%
koskaan
47%
luovuttaa
47%
merta
47%
milloinkaan
47%
näkisi
47%
näytä
47%
Näytä
47%
on
47%
päin
47%
Pelasta
47%
Pitkä
47%
Rantaan
47%
Ratsu
47%
sekoittuu
47%
sua
47%
tie
47%
vapaana,
47%
vapaana
47%
verta
47%
vie
47%
Villinä
47%
villinä
47%
huohottaa,
41%
juoksuun
41%
kannoilla
41%
Katjan
41%
liejuun
41%
meille
41%
oikeus
41%
oomme
41%
(Oo-oo, oo-oo-o-oo-o-oo...)
41%
piiskaa
41%
ratsastaa
41%
ratsua
41%
siellä
41%
Turvaan
41%
turvassa
41%
hiusten
35%
miehet
35%
mittaamaton
35%
niin
35%
Niin
35%
Nyt
35%
Siis
35%
täytyykö
35%
tsaarin
35%
tuoksuun
35%
virta
35%
Volgan
35%
Kaspiaan
29%
kuljettaa
29%
näin
29%
pikku
29%
aina
24%
24%
odottaa
24%
oon
24%
saa
24%
sun
24%
Yötä
24%
asti
18%
hulluksi
18%
loppuun
18%
No matching quizzes found
Score Distribution
Percent of People with Each Score
Percentile by Number Answered
Your Score History
You have not taken this quiz